00449nam a2200193Ia 4500008004100000020001800041245002700059245002300086260001500109260001600124260000900140300001500149300002500164300001000189440002300199440000600222500000800228999001900236170705s9999 xx 000 0 und d a9780590988254 aMidnight on the moon / cMary Pope Osborne. aNew York : bScholastic, c1996 a70 pages : bcolor illustration ; c19cm. aMagic tree house ; v8 a320 c335548d335548